| 000 | 00833cam a22002293a 4500 | ||
|---|---|---|---|
| 001 | 17527 | ||
| 003 | PGUSA | ||
| 005 | 20140828083356.0 | ||
| 008 | 060116s2006||||xxu|||||s|||||000 | eng d | ||
| 040 |
_aPGUSA _beng |
||
| 042 | _adc | ||
| 050 | 4 | _aE011 | |
| 245 | 1 | 0 |
_aDe Verdelgingsoorlog der Yankees tegen de Apachen-indianen : _bDe Aarde en haar Volken, 1873 _h[electronic resource] / _cAnonymous |
| 260 |
_bProject Gutenberg, _c2006 |
||
| 505 | 0 | _aDe Verdelgingsoorlog der Yankees tegen de Apachen-indianen -- Een bijschrift bij de platen -- Twee Kasteelen -- Bijdrage tot de Statistiek van het Russische Rijk. | |
| 506 | _aPublic domain in the USA. | ||
| 516 | _aElectronic text | ||
| 653 | _aApache Indians -- Wars | ||
| 830 | 0 |
_aProject Gutenberg _v17527 |
|
| 856 | 4 | 0 | _uhttp://www.gutenberg.org/ebooks/17527 |
| 942 | _cEB | ||
| 999 |
_c246782 _d246782 |
||